000 00701nam a22002657a 4500
001 BR9606419
003 BR-BrBNA
005 20230928095307.0
007 ta
008 230509b bl.||||| |||| 00| 0 por d
040 _aBR-BrBNA
_bpor
_cBiblioteca Nacional de Agricultura
041 _a(Por)
072 _aE40
090 _ E40 BR9606419
100 1 _aBenato, J.V.A.
110 1 _aInstituto de Cooperativismo e Associativismo, Sao Paulo, SP (Brasil)
_95992
245 1 _aO abc do cooperativismo
250 1 _a2. ed.
260 3 _aSao Paulo, SP (Brasil):
_c1995.
300 _a131 p.
500 _a8 ref.
650 _aCooperativa
909 _a202309
_bLucia
_c55
_dLucia Elande
942 _cBK
999 _c55699
_d55699